=LDR 00000nam 2200000 4500 =001 INLIS000000000048543 =005 20220926093257 =035 ##$$a 0010-111600000000122 =008 220926################g##########0#ind## =040 ##$$a NBPDMAT =082 ##$$a 340 =090 ##$$a 340 $bSid t =100 ##$$a Sid Behrman =245 1#$$a The lawyer joke book /$c Sid Behrman =260 ##$$a New York :$b James Sharlton Associates,$c 1991 =300 ##$$a 127 hlm. : $b ilus. ; $c 22 x 14 cm =650 #4$$a Hukum =850 ##$$a NBPDMAT =020 ##$$a 0-88029-722-0 =084 ##$$a 340 SID t =990 ##$$a 51600110 =990 ##$$a 51600110